Religion Quiz

Random Religion or Verse Quiz

The Seal of God (NIV) Quiz Stats

 Plays Quiz not verified by Sporcle

Score 0/98 Timer 03:00
0 Plays Today
Hint Answer % Correct
the
100%
the
100%
the
100%
a
100%
the
100%
the
100%
the
100%
the
100%
the
100%
the
100%
the
100%
and
100%
the
100%
the
100%
the
100%
the
100%
a
100%
the
100%
God
62.5%
God
62.5%
I
62.5%
in
62.5%
God
62.5%
of
50%
of
50%
of
50%
of
50%
of
50%
of
50%
or
37.5%
or
37.5%
seal
37.5%
to
37.5%
Hint Answer % Correct
or
37.5%
or
37.5%
seal
37.5%
to
37.5%
seal
37.5%
to
37.5%
sea
25%
on
25%
on
25%
He
25%
sea
25%
not
12.5%
not
12.5%
any
12.5%
but
12.5%
who
12.5%
not
12.5%
been
12.5%
from
12.5%
who
12.5%
Revelation 7:3Do
0%
harm
0%
land
0%
trees
0%
until
0%
we
0%
put
0%
foreheads
0%
servants
0%
our
0%
Revelation 9:4They
0%
were
0%
told
0%
Hint Answer % Correct
harm
0%
grass
0%
earth
0%
plant
0%
tree
0%
only
0%
those
0%
people
0%
did
0%
have
0%
their
0%
foreheads
0%
Revelation 7:2Then
0%
land
0%
another
0%
power
0%
coming
0%
angel
0%
harm
0%
saw
0%
up
0%
given
0%
angels
0%
four
0%
had
0%
east
0%
voice
0%
having
0%
loud
0%
out
0%
called
0%
living
0%

You're not logged in!

Compare scores with friends on all Sporcle quizzes.
OR
Log In

Sporcle TV

Today on Sporcle TV


Watch our educational content, quiz creation guides, and fun videos on Sporcle TV.

Show Comments

Extras

Created Aug 27, 2017ReportNominate
Tags:Verse Quiz, god, niv, recite, seal

Top Quizzes Today


Score Distribution

Your Account Isn't Verified!

In order to create a playlist on Sporcle, you need to verify the email address you used during registration. Go to your Sporcle Settings to finish the process.

Report this User

Report this user for behavior that violates our Community Guidelines.

Details: